01158nam a2200301Ia 4500001001200000003000800012006001900020007001500039008004100054010001700095020001800112020001500130040002100145035002000166050002300186100002000209245009100229260005800320300001500378504005100393533015200444650004000596650003300636655002900669710001700698856012600715999001500841ebr10269222CaPaEBRm u cr cn|||||||||000405s2001 enk sb 001 0 eng d z 00039936  z9780195141900 z0195141903 aCaPaEBRcCaPaEBR a(OCoLC)7177801514aKD671b.H45 2001eb1 aHelmholz, R. H.14aThe ius commune in Englandh[electronic resource] :bfour studies /cby R.H. Helmholz. aOxford ;aNew York :bOxford University Press,c2001. axv, 270 p. aIncludes bibliographical references and index. aElectronic reproduction.bPalo Alto, Calif. :cebrary,d2009.nAvailable via World Wide Web.nAccess may be limited to ebrary affiliated libraries. 0aCommon lawzGreat BritainxHistory. 0aLawzGreat BritainxHistory. 7aElectronic books.2local2 aebrary, Inc.40uhttp://site.ebrary.com/lib/rucke/Doc?id=10269222zAn electronic book accessible through the World Wide Web; click to view c8407d8407